Il concetto di prova. Contributo alla logica giuridica.
Spremljeno u:
| Glavni autor: | |
|---|---|
| Format: | Knjiga |
| Jezik: | engleski |
| Izdano: |
Milano, Italia:
Dott. A. Giuffré,
1971.
|
| Izdanje: | Ristampa inalterata. |
| Teme: | |
| Oznake: |
Dodaj oznaku
Bez oznaka, Budi prvi tko označuje ovaj zapis!
|
MARC
| LEADER | 00000nam a22000007a 4500 | ||
|---|---|---|---|
| 003 | CL-VaPUC | ||
| 005 | 20220822114446.0 | ||
| 008 | 220330t1971 ||||| |||| 00| 0 eng d | ||
| 999 | |c 435203 |d 435201 | ||
| 040 | |c Pontificia Universidad Católica de Valparaíso | ||
| 082 | 7 | |a 347.06 GIU 1971 |2 22 | |
| 100 | |a Giuliani, Alessandro |9 525441 |e autore | ||
| 245 | |a Il concetto di prova. |b Contributo alla logica giuridica. | ||
| 250 | |a Ristampa inalterata. | ||
| 260 | |a Milano, Italia: |b Dott. A. Giuffré, |c 1971. | ||
| 300 | |a XX, 264 páginas. | ||
| 500 | |a c.1 Donación Familia Prof. Alejandro Guzmán Brito. | ||
| 505 | |a Contenido general: - I. La formazione del concetto "Classico" di prova. - II. Proceso e teoria dell'argomentazione. - III. Dialettica, retorica e proceso. - Appendice: Il declino del "Classico" di prova. | ||
| 583 | |c 20220330 |k Yessy Stephany Diaz Vidal | ||
| 650 | |a Prueba |x Filosofía del derecho |9 869977 | ||
| 942 | |2 ddc |c BK |n 0 | ||
| 952 | |0 0 |1 0 |2 ddc |4 0 |6 347_060000000000000_GIU_1971 |7 0 |8 C_AGB |9 582254 |a BIBDER |b BIBDER |d 2022-03-30 |e Donación |i 5650491 |o 347.06 GIU 1971 |p 5650491 |r 2023-01-25 |t 1 |w 2022-03-30 |y BK_US |k AGB | ||